000 00538nam a2200193Ia 4500
008 220216s9999 xx 000 0 und d
100 _aLiang Wenbin
245 0 _aMolecular structure and processing characteristics of metallocene EPDM rubbers
260 _bRubber Chemistry and Technology
_c2009
300 _a506-523
650 _aEPDM rubbers
700 _aBette Cristiano
700 _aClayfield Tim
700 _aDaniel Sherrika
700 _aTang Solomon
700 _aVara Rajan
700 _aWatson Sandra
942 _cJS
999 _c63219
_d63219